skbl

Dr Suryya Kumar Bhuyan Library Web-OPAC
ডঃ সূৰ্য্য
কুমাৰ ভূঞা পুথিভঁৰাল ৱেব-অ'পেক

All Research Scholars are advised to clear the annual library fees to continue using Library Resources, Remote Access, Plagiarism Test and Library Clearance.

Cotton University Book Fair 2026

Tirthanath Sarma Rachanawali (Record no. 56149)

MARC details
000 -LEADER
fixed length control field 00749nam a2200217Ia 4500
001 - CONTROL NUMBER
control field 56226
008 - FIXED-LENGTH DATA ELEMENTS--GENERAL INFORMATION
fixed length control field 130222n2010 ii |||gr||||Z||||||465
082 ## - DEWEY DECIMAL CLASSIFICATION NUMBER
Classification number 891.45108
245 #0 - TITLE STATEMENT
Title Tirthanath Sarma Rachanawali
Statement of responsibility, etc. Malini Goswami & Paramananda Majumdar edited by
Medium Textual Documents
250 ## - EDITION STATEMENT
Edition statement Ist ed.
260 ## - PUBLICATION, DISTRIBUTION, ETC.
Place of publication, distribution, etc. GHY
Name of publisher, distributor, etc. PUBARI PRAKASHAN
Date of publication, distribution, etc. 2010
Place of publication, distribution, etc. Assam
Name of publisher, distributor, etc. Publication Board, Assam
300 ## - PHYSICAL DESCRIPTION
Extent 1050pg.
490 ## - SERIES STATEMENT
Linkage 6133/As
Series statement Tirthanath Sarma Rachanawali;
Volume/sequential designation Vol- 1.
Series statement Tirthanath Sarma Rachanawali;
Volume/sequential designation Vol- 11.
653 ## - INDEX TERM--UNCONTROLLED
Uncontrolled term Assamese
653 ## - INDEX TERM--UNCONTROLLED
Uncontrolled term Assamese literature
653 ## - INDEX TERM--UNCONTROLLED
Uncontrolled term Rachanawali- Tirthanath Sarma
653 ## - INDEX TERM--UNCONTROLLED
Uncontrolled term Deptt- Assamese
700 ## - ADDED ENTRY--PERSONAL NAME
Personal name Goswami , Malini,
Relator term Editor.,
700 ## - ADDED ENTRY--PERSONAL NAME
Personal name Majumdar, Paramananda,
Relator term Editor.,
942 ## - ADDED ENTRY ELEMENTS (KOHA)
Source of classification or shelving scheme Dewey Decimal Classification
Koha item type Books
Holdings
Withdrawn status Lost status Damaged status Not for loan Collection Home library Current library Shelving location Date acquired Source of acquisition Coded location qualifier Cost, normal purchase price Total checkouts Full call number Barcode Date last seen Copy number Price effective from Koha item type Public note
          Dr. Suryya Kumar Bhuyan Library Dr. Suryya Kumar Bhuyan Library   22/02/2013 AS 00000 650.00   891.45108 Sa 73 Ti 6134/As 14/01/2024 2 22/02/2013 Books AS
          Dr. Suryya Kumar Bhuyan Library Dr. Suryya Kumar Bhuyan Library   22/02/2013 AS 00000 890.00   891.45108 Sa 73 Ti 6133/As 14/01/2024 1 22/02/2013 Books AS

Designed and Maintained by Team SKBL
©1901-2026

Powered by Koha